Statistics for Fictional planets

Click here to take the quiz!

General Stats

  • This quiz has been taken 21 times
  • The average score is 6 of 18

Answer Stats

CharactersPlanet% Correct
Jor-el, Kal-el, ZodKrypton
94%
Owen Lars, Jabba, ShmiTatooine
78%
Sarek, T'Pau, T'PolVulcan
72%
The Doctor, the Master, RomanaGallifrey
50%
Delenn, Lennier, DukhatMinbar
44%
Sha're, Skaara, KasufAbydos
39%
Stilgar, Chani, Leto Atreides IIArrakis
39%
Optimus Prime, Megatron, BumblebeeCybertron
39%
He-man, Skeletor, HordakEternia
39%
Adama, Starbuck, ApolloCaprica
33%
Rincewind, Brutha, DEATHDiscworld
28%
Piccolo, Kami, DendeNamek
28%
Ming the Merciless, Prince Barin, AuraMongo
17%
Tassadar, Artanis, AdunAiur
6%
Estraven, Argaven, TibeGethen
6%
Pipo, Novinha, RooterLusitania
6%
Hari Seldon, Salvor Hardin, Eskel GorovTerminus
6%
Prince Arthas, Jaina Proudmoore, IllidanAzeroth
0%

Score Distribution

Percentile by Number Answered

Percent of People with Each Score

Your Score History

You have not taken this quiz